| Tag |
First Indicator |
Second Indicator |
Subfields |
| LEADER |
00000cam a2200000 a 4500 |
| 001 |
in00000010342 |
| 005 |
20151007051339.0 |
| 008 |
861006s1987 enka b 00110 eng |
| 010 |
|
|
|a 86025404
|
| 020 |
|
|
|a 0080302505 :
|c $44.00
|
| 020 |
|
|
|a 0080302491 (soft) :
|c $18.75
|
| 035 |
|
|
|a (OCoLC)14413383
|
| 035 |
|
|
|9 AAA2546AM
|
| 040 |
|
|
|a DLC
|c DLC
|d TXA
|d UtOrBLW
|
| 049 |
|
|
|a TXAM
|c [A12629891]
|
| 050 |
0 |
0 |
|a TP248.P47
|b G74 1987
|
| 082 |
0 |
|
|a 668/.65
|2 19
|
| 100 |
1 |
|
|a Green, Maurice B.
|q (Maurice Berkeley)
|
| 245 |
1 |
0 |
|a Chemicals for crop improvement and pest management /
|c by M.B. Green, G.S. Hartley, and T.F. West.
|
| 250 |
|
|
|a 3rd ed.
|
| 264 |
|
1 |
|a Oxford [Oxfordshire] ;
|a New York :
|b Pergamon Press,
|c 1987.
|
| 300 |
|
|
|a ix, 370 pages :
|b illustrations ;
|c 24 cm.
|
| 336 |
|
|
|a text
|b txt
|2 rdacontent
|
| 337 |
|
|
|a unmediated
|b n
|2 rdamedia
|
| 338 |
|
|
|a volume
|b nc
|2 rdacarrier
|
| 500 |
|
|
|a Revised edition of: Chemicals for crop protection and pest control. 1st [i.e. rev. 2nd] edition.
|
| 504 |
|
|
|a Includes bibliographies and indexes.
|
| 650 |
|
0 |
|a Pesticides.
|
| 700 |
1 |
|
|a Hartley, G. S.
|q (Gilbert Spencer)
|
| 700 |
1 |
|
|a West, T. F.
|q (Trustham Frederick)
|
| 700 |
1 |
|
|a Green, Maurice B.
|q (Maurice Berkeley).
|t Chemicals for crop protection and pest control.
|
| 999 |
|
|
|a MARS
|
| 999 |
f |
f |
|s 93d71533-3516-3813-a330-e5a0e4fdf1de
|i a6d56160-8203-3f3f-b794-f48d34cfebe7
|t 0
|
| 952 |
f |
f |
|p ric
|a Texas A&M University
|b Rellis Campus
|c Joint Library Facility
|d Remote Storage
|t 0
|e TP248.P47 G74 1987
|h Library of Congress classification
|i unmediated -- volume
|m A14812629891
|
| 998 |
f |
f |
|a TP248.P47 G74 1987
|t 0
|l Remote Storage
|